000
00232nam a22000977a 4500
999
_c
264743
_d
264742
020
_a
9781416949312
100
_a
Andrew Clements
245
_a
Extra credit
260
_a
New York
_b
Atheneum Books for Young Readers
_c
2009
942
_c
BK